000 00751nam a2200253Ia 4500
003 OSt
005 20220925231741.0
006 a|||||r|||| 00| 0
007 ta
008 220923b |||||||| |||| 00| 0 eng d
020 _a0801864208
_c
_21.50
037 _b8547, 07/02/2001, SBD
_cGeneral Book
040 _aRTL
_cRTL
_beng
041 _2eng
_aeng
082 _aW6.791.N9, P0
100 _aGrindle Merilee S
_918364
245 0 _aAudacious Reforms
260 _aMaryland
_bJohn Hopkins University Press
_c2000
300 _axiv, 269p
_ccm.
500 _aBibliography: P 245-62
650 _aDemocracy
_920451
942 _hW6.791.N9, P0
_cGB
_2CC
999 _c589373
_d589373